| 000 | 00802cab a22002175a 4500 | ||
|---|---|---|---|
| 001 | L157441 | ||
| 008 | 121130e20121103xxk 000 0 eng d | ||
| 035 | _a(Sirsi) u157441 | ||
| 041 | 0 | _aeng | |
| 100 | 1 | _aEdwards, Martin | |
| 245 | 0 | 0 | _aRise of the third-party challenge |
| 260 | _c2012 | ||
| 490 |
_aEstates Gazette _v(1244) 3 November 2012, 92(1) |
||
| 520 | _aConsiders the dangers posed to development by an increase in judicial reviews backed by the shield of a protective costs order. These challenges threaten to derail or delay developments with minimal risk to the claimant in the event the challenge fails. | ||
| 590 | _aKA | ||
| 651 | 4 | _aUnited Kingdom | |
| 690 |
_aCommercial property _96227 |
||
| 690 |
_aPlanning and development _96259 |
||
| 700 | 1 | _aMartin, John | |
| 942 | _n0 | ||
| 999 |
_c84385 _d84385 |
||